Tough new rules open buildings to all (Record no. 74040)

MARC details
000 -LEADER
fixed length control field 01072cab a2200229 4500
001 - CONTROL NUMBER
control field ABS67309
008 - FIXED-LENGTH DATA ELEMENTS--GENERAL INFORMATION
fixed length control field 040107n2003 000 0 eng u
035 ## - SYSTEM CONTROL NUMBER
System control number (Sirsi) u124751
100 ## - MAIN ENTRY--PERSONAL NAME
Personal name Petherick, D.
245 ## - TITLE STATEMENT
Title Tough new rules open buildings to all
260 ## - PUBLICATION, DISTRIBUTION, ETC.
Date of publication, distribution, etc. 2003
490 ## - SERIES STATEMENT
Series statement Access by Design
Volume/sequential designation (97) Winter 2003, 29-31(3)
520 ## - SUMMARY, ETC.
Summary, etc. Discusses the background to and the main changes in Building Regulations 2000 Approved Document M (2004 Edition) "Access to and use of buildings". The new requirements cover access and use, access to extensions to buildings other than dwellings, sanitary conveniences in extensions to buildings other than dwellings and sanitary conveniences in dwellings.
590 ## - LOCAL NOTE (RLIN)
Local note ABS
650 ## - SUBJECT ADDED ENTRY--TOPICAL TERM
Topical term or geographic name entry element BUILDING REGULATIONS 2000 APPROVED DOCUMENT M (2004 EDITION)
650 ## - SUBJECT ADDED ENTRY--TOPICAL TERM
Topical term or geographic name entry element MANAGEMENT-BUSINESS MANAGEMENT-DISCRIMINATION-DISABILITY DISCRIMINATION-ACCESSIBILITY
650 ## - SUBJECT ADDED ENTRY--TOPICAL TERM
Topical term or geographic name entry element EXTENSIONS
650 ## - SUBJECT ADDED ENTRY--TOPICAL TERM
Topical term or geographic name entry element BUILDING CONTROL
9 (RLIN) 6222
650 ## - SUBJECT ADDED ENTRY--TOPICAL TERM
Topical term or geographic name entry element SANITARY FACILITIES
690 ## - LOCAL SUBJECT ADDED ENTRY--TOPICAL TERM (OCLC, RLIN)
Topical term or geographic name as entry element BUILT ENVIRONMENT-BUILDING STANDARDS
942 ## - ADDED ENTRY ELEMENTS (KOHA)
Suppress in OPAC 0
Holdings
Withdrawn status Lost status Source of classification or shelving scheme Damaged status Not for loan Home library Current library Shelving location Date acquired Total Checkouts Full call number Barcode Date last seen Copy number Price effective from Koha item type
    Dewey Decimal Classification     London London Journal article 07/01/2004   ABS67309 124751-1001 06/08/2019 1 06/08/2019 Journal article